[Event "HUN-chT2 Erkel 1718"]
[Site "Hungary"]
[Date "2018.03.04"]
[Round "9.9"]
[White "Csatari, Dominik"]
[Black "Horvath, Jeno Kalman"]
[Result "1/2-1/2"]
[WhiteElo "1734"]
[BlackElo "1913"]
[PlyCount "42"]
[EventDate "2017.09.24"]
[EventType "team-tourn"]
[EventRounds "11"]
[EventCountry "HUN"]
[SourceTitle "EXT 2021"]
[Source "ChessBase"]
[SourceDate "2020.10.23"]
[SourceVersion "1"]
[SourceVersionDate "2020.10.23"]
[SourceQuality "1"]
[WhiteTeam "Jaszbereny"]
[BlackTeam "Fot"]
[WhiteTeamCountry "HUN"]
[BlackTeamCountry "HUN"]

1. e4 c5 2. Nf3 Nc6 3. d4 cxd4 4. Nxd4 Nf6 5. Nc3 d6 6. Bg5 e6 7. Qd2 Be7 8. 0-0-0 Nxd4 9. Qxd4 0-0 10. f4 Qa5 11. Kb1 h6 12. Bh4 e5 13. Qf2 exf4 14. Bxf6 Bxf6 15. Nd5 Be5 16. g3 f3 17. Qxf3 Be6 18. h4 Kh8 19. g4 Bxd5 20. exd5 Qb4 21. c3 Qf4 1/2-1/2

[Event "HUN-chT2 Erkel 1617"]
[Site "Hungary"]
[Date "2016.11.27"]
[Round "5.11"]
[White "Fule, Simon"]
[Black "Csatari, Dominik"]
[Result "1-0"]
[WhiteElo "1746"]
[BlackElo "1724"]
[PlyCount "89"]
[EventDate "2016.09.25"]
[EventType "team-tourn"]
[EventRounds "11"]
[EventCountry "HUN"]
[SourceTitle "EXT 2021"]
[Source "ChessBase"]
[SourceDate "2020.10.23"]
[SourceVersion "1"]
[SourceVersionDate "2020.10.23"]
[SourceQuality "1"]
[WhiteTeam "Budapest Kobanya II"]
[BlackTeam "Jaszbereny"]
[WhiteTeamCountry "HUN"]
[BlackTeamCountry "HUN"]

1. e4 e6 2. d4 d5 3. Nc3 Bb4 4. e5 c5 5. a3 Bxc3+ 6. bxc3 Qc7 7. Bd2 Ne7 8. Qg4 Ng6 9. h4 h5 10. Qd1 Nc6 11. Be3 cxd4 12. cxd4 Bd7 13. Be2 Rc8 14. g3 Nce7 15. Bxh5 Qxc2 16. Qxc2 Rxc2 17. Bxg6 Nxg6 18. h5 Ne7 19. g4 Bb5 20. a4 Bd3 21. Ra3 Bc4 22. Kd1 Rb2 23. Kc1 Rb3 24. Ra1 Kd7 25. Kc2 Rb4 26. a5 Nc6 27. Kd2 Rb5 28. a6 b6 29. Nf3 Ra5 30. Ng5 Ke7 31. f4 Bxa6 32. Rxa5 Nxa5 33. Ke1 Nc4 34. Kf2 Bc8 35. Nf3 a5 36. Nd2 Ba6 37. Rb1 b5 38. Nb3 a4 39. Nc5 Na3 40. Ra1 Nc2 41. Rc1 Nb4 42. Bd2 Na2 43. Ra1 b4 44. Rxa2 b3 45. Rxa4 1-0

[Event "HUN-chT2 Erkel 1415"]
[Site "Hungary"]
[Date "2014.12.14"]
[Round "6.12"]
[White "Kovacs, Judit"]
[Black "Csatari, Dominik"]
[Result "0-1"]
[WhiteElo "1859"]
[BlackElo "1617"]
[PlyCount "78"]
[EventDate "2014.09.28"]
[EventType "team-tourn"]
[EventRounds "9"]
[EventCountry "HUN"]
[SourceTitle "EXT 2016"]
[Source "ChessBase"]
[SourceDate "2015.10.08"]
[SourceVersion "1"]
[SourceVersionDate "2015.10.08"]
[SourceQuality "1"]
[WhiteTeam "HASE"]
[BlackTeam "Jaszbereny"]
[WhiteTeamCountry "HUN"]
[BlackTeamCountry "HUN"]

1. d4 d5 2. c4 Bf5 3. Nc3 e6 4. cxd5 exd5 5. Qb3 Nc6 6. Be3 Bb4 7. a3 Bxc3+ 8. bxc3 Nge7 9. Bg5 f6 10. Bf4 b6 11. e3 0-0 12. Nf3 Re8 13. Be2 Na5 14. Qa2 c5 15. 0-0 c4 16. Nd2 Ng6 17. Bg3 b5 18. Rfe1 Nc6 19. Bd1 a5 20. Bc2 Bxc2 21. Qxc2 b4 22. axb4 axb4 23. cxb4 Nxb4 24. Qc3 Nd3 25. Rxa8 Qxa8 26. Ra1 Qc6 27. h4 f5 28. h5 f4 29. Bh2 fxe3 30. fxe3 Qe6 31. e4 Ngf4 32. Bxf4 Nxf4 33. Qf3 Qf6 34. e5 Qf7 35. Rf1 Rf8 36. Qe3 c3 37. Nf3 Qxh5 38. Rf2 Qg6 39. Kh2 Qh6+ 0-1

[Event "HUN-chT2 Toth 1213"]
[Site "Hungary"]
[Date "2013.01.27"]
[Round "6.12"]
[White "Csatari, Dominik"]
[Black "Schmidt, Gyorgy"]
[Result "1-0"]
[WhiteElo "1540"]
[BlackElo "1665"]
[PlyCount "73"]
[EventDate "2012.09.16"]
[EventType "team-tourn"]
[EventRounds "11"]
[EventCountry "HUN"]
[SourceTitle "EXT 2014"]
[Source "ChessBase"]
[SourceDate "2013.11.20"]
[SourceVersion "1"]
[SourceVersionDate "2013.11.20"]
[SourceQuality "1"]
[WhiteTeam "Ujszasz"]
[BlackTeam "Gyula"]
[WhiteTeamCountry "HUN"]
[BlackTeamCountry "HUN"]

1. e4 d5 2. exd5 Qxd5 3. Nc3 Qd8 4. d4 Nc6 5. Be3 Bf5 6. Bb5 Bd7 7. Nf3 e6 8. 0-0 a6 9. Bd3 Nf6 10. Ne2 Nb4 11. Ng3 Bd6 12. Be2 Bxg3 13. fxg3 Nbd5 14. Bg5 h6 15. Bxf6 Nxf6 16. Ne5 g6 17. Qd3 0-0 18. Rxf6 Qxf6 19. Nxd7 Qe7 20. Nxf8 Kxf8 21. Qf3 Qb4 22. Qc3 Qb6 23. Qc5+ Qxc5 24. dxc5 Rd8 25. Rd1 Rxd1+ 26. Bxd1 b6 27. cxb6 cxb6 28. Kf2 Ke7 29. Ke3 Kd6 30. Be2 a5 31. Bb5 f6 32. g4 g5 33. Ke4 Kc5 34. a4 Kb4 35. Bd7 e5 36. Kf5 e4 37. Kxe4 1-0

[Event "RN-2012-0-00470"]
[Site "LSS email"]
[Date "2012.04.11"]
[Round "?"]
[White "Torfs, Gert"]
[Black "Csatari, Dominik"]
[Result "1-0"]
[WhiteElo "845"]
[BlackElo "823"]
[PlyCount "35"]
[EventDate "2012.03.31"]
[EventType "tourn (corr)"]
[EventRounds "6"]
[EventCountry "GER"]
[SourceTitle "Telechess CBM 153"]
[Source "ChessBase"]
[SourceDate "2013.03.14"]
[SourceVersion "1"]
[SourceVersionDate "2013.03.14"]
[SourceQuality "1"]

1. e4 e6 2. d4 d5 3. e5 c5 4. Nf3 Nc6 5. Bb5 Qb6 6. a4 a6 7. Bxc6+ Qxc6 8. Nc3 Qb6 9. Be3 Qxb2 10. Bd2 Qb6 11. dxc5 Bxc5 12. 0-0 Ne7 13. Rb1 Qc7 14. Bf4 0-0 15. Qd3 Bd7 16. Ng5 Nf5 17. g4 h6 18. Nh3 1-0

[Event "RN-2011-0-00414"]
[Site "LSS email"]
[Date "2011.10.12"]
[Round "?"]
[White "Lebduska, Daniel"]
[Black "Csatari, Dominik"]
[Result "1-0"]
[WhiteElo "684"]
[BlackElo "901"]
[PlyCount "75"]
[EventDate "2011.09.24"]
[EventType "tourn (corr)"]
[EventRounds "6"]
[EventCountry "GER"]
[SourceTitle "Telechess CBM 157"]
[Source "ChessBase"]
[SourceDate "2013.11.12"]
[SourceVersion "1"]
[SourceVersionDate "2013.11.12"]
[SourceQuality "1"]

1. e4 e6 2. Nf3 d5 3. e5 c5 4. Be2 Nc6 5. d4 Qb6 6. dxc5 Bxc5 7. 0-0 Nge7 8. Nc3 0-0 9. Na4 Qa5 10. b3 Nf5 11. Bd2 Bb4 12. c3 Be7 13. h3 Bd8 14. b4 Qc7 15. Bf4 Re8 16. Re1 a6 17. a3 b5 18. Nc5 Be7 19. a4 Bxc5 20. bxc5 Nce7 21. axb5 Qxc5 22. Qb3 Rb8 23. Ra5 Qc7 24. g4 Qxa5 25. gxf5 Nxf5 26. Bd2 axb5 27. c4 Qa4 28. Qb2 Qa7 29. cxb5 Qb7 30. Bd3 Ne7 31. Qb1 Bd7 32. Bxh7+ Kh8 33. Ng5 Rf8 34. Bd3 g6 35. Qb4 Kg7 36. Qxe7 Qc8 37. Qf6+ Kg8 38. Bxg6 1-0

[Event "OP-2011-0-01714"]
[Site "LSS email"]
[Date "2011.08.11"]
[Round "?"]
[White "Csatari, Dominik"]
[Black "Guaimare Rodriguez, Carlos Luis"]
[Result "1/2-1/2"]
[WhiteElo "900"]
[BlackElo "1130"]
[PlyCount "23"]
[EventDate "2011.08.08"]
[EventType "tourn (corr)"]
[EventRounds "4"]
[EventCountry "GER"]
[SourceTitle "Corr 2015"]
[Source "ChessBase"]
[SourceDate "2015.07.17"]
[SourceVersion "1"]
[SourceVersionDate "2015.07.17"]
[SourceQuality "1"]

1. e4 e5 2. Nf3 Nc6 3. d4 exd4 4. Nxd4 Nf6 5. Nxc6 bxc6 6. Bg5 Qe7 7. Nc3 h6 8. Bxf6 Qxf6 9. Bd3 Bb4 10. Qd2 0-0 11. 0-0 d5 12. exd5 1/2-1/2

[Event "ZN-2011-0-01531"]
[Site "LSS email"]
[Date "2011.05.30"]
[Round "?"]
[White "Csatari, Dominik"]
[Black "Ducharme, Steven"]
[Result "1/2-1/2"]
[WhiteElo "800"]
[BlackElo "828"]
[PlyCount "29"]
[EventDate "2011.05.27"]
[EventType "match (corr)"]
[EventRounds "2"]
[EventCountry "GER"]
[SourceTitle "Corr 2015"]
[Source "ChessBase"]
[SourceDate "2015.07.17"]
[SourceVersion "1"]
[SourceVersionDate "2015.07.17"]
[SourceQuality "1"]

1. e4 c6 2. d4 d5 3. exd5 cxd5 4. c4 Nc6 5. Nc3 dxc4 6. d5 Ne5 7. Bf4 Ng6 8. Bg5 a6 9. Bxc4 b5 10. Bb3 h6 11. Be3 Nf6 12. Nge2 e6 13. Bd4 e5 14. Be3 Bd6 15. Ng3 1/2-1/2

[Event "OP-2011-0-01525"]
[Site "LSS email"]
[Date "2011.05.13"]
[Round "?"]
[White "Werner, Guenter"]
[Black "Csatari, Dominik"]
[Result "1-0"]
[WhiteElo "1121"]
[BlackElo "800"]
[PlyCount "47"]
[EventDate "2011.05.09"]
[EventType "tourn (corr)"]
[EventRounds "4"]
[EventCountry "GER"]
[SourceTitle "Telechess CBM 145"]
[Source "Chessbase"]
[SourceDate "2011.11.11"]
[SourceVersion "1"]
[SourceVersionDate "2011.11.11"]
[SourceQuality "1"]

1. c4 e6 2. Nc3 d5 3. e4 dxe4 4. Nxe4 c5 5. Nf3 Nc6 6. d3 Be7 7. Be3 Nf6 8. Qd2 Nxe4 9. dxe4 Qxd2+ 10. Bxd2 0-0 11. Be2 Bd7 12. 0-0 Rfd8 13. e5 f6 14. Bc3 Nxe5 15. Nxe5 fxe5 16. Bxe5 Bc6 17. Bg4 Bd7 18. Rad1 Kf8 19. Bc7 Rdc8 20. Rxd7 Ke8 21. Bxe6 g6 22. Re1 Rxc7 23. Rxc7 Rd8 24. Bd5 1-0